000 00580nam a2200241Ia 4500
003 OSt
005 20221005125318.0
006 a|||||r|||| 00| 0
007 ta
008 221004b |||||||| |||| 00| 0 tam d
024 _a9058
037 _cTextual
040 _aCRL
_cCRL
_btam
041 _2tam
_atam
082 _aO31,1E78,1, L5
100 _aKalingaltthup
_9636491
245 0 _aParani
260 _c1975
300 _a264p.
_ccm.
650 _aTAMIL POETRY
942 _hO31,1E78,1, L5
_cTEXL
_2cc
999 _c1053641
_d1053641